000 00277nam a22001097a 4500
008 160510b xxu||||| |||| 00| 0 eng d
020 _a0716730510
041 _aeng
080 _a577
245 _aBiochemistry:
_cJeremy M. Berg; John L. Tymoczko; Lubert Stryer;
942 _2udc
_cBK
999 _c1951
_d1951